000 00594nam a2200241Ia 4500
003 OSt
005 20221005043213.0
006 a|||||r|||| 00| 0
007 ta
008 221004b |||||||| |||| 00| 0 eng d
024 _a72123
037 _cTextual
040 _aCRL
_cCRL
_beng
041 _2eng
_aeng
082 _aY152, K4
100 _aBottomore T. B.
245 0 _aElites and society
260 _aEngland
_bPenguin Books
_c1964
300 _a160p
_ccm.
650 _aSOCIOLOGY
942 _hY152, K4
_cTEXL
_2cc
999 _c951520
_d951520